Music Quiz

Random Music or Musical Quiz

A Rumor in St. Petersburg Lyrics Part 1 (Anastasia) Quiz Stats

Quiz not verified by Sporcle

Also try: Music Families
Challenge
Share
Tweet
Embed
Score 0/272 Timer 10:00
1 Play Today
Sung/Spoken by Lyrics % Correct
I
99.1%
[Townspeople]The
97.6%
a
97.6%
The
97.6%
a
97.6%
the
97.6%
the
97.6%
The
97.6%
the
97.6%
'A
97.6%
The
97.6%
the
97.6%
A
97.6%
the
97.6%
the
97.6%
a
97.6%
the
97.6%
the
97.6%
the
97.6%
the
97.6%
a
97.6%
the
97.6%
the
97.6%
[Townspeople]The
97.6%
a
97.6%
a
97.6%
a
97.6%
a
97.6%
a
97.6%
a
97.6%
the
97.6%
you,
96.7%
you!
96.7%
you
96.7%
You
96.7%
you
96.7%
you
96.7%
you
96.7%
St.
96.2%
he
96.2%
[Townspeople]St.
96.2%
St.
96.2%
hear
95.7%
Petersburg
95.7%
Petersburg.
95.7%
Petersburg
95.7%
Petersburg.
95.7%
an
95.3%
an
95.3%
an
95.3%
will
93.8%
be
93.8%
will
93.8%
will
93.8%
be
93.8%
will
93.8%
be
93.8%
have
93.8%
Have
93.8%
Have
93.8%
be
93.8%
will
93.8%
it
93.4%
it
93.4%
it
93.4%
in
92.9%
in
92.9%
in
92.9%
in
92.9%
in
92.9%
[Townspeople]To
91.9%
[Dmitry]They
91.5%
They
91.5%
[Woman]They
91.5%
And
91%
is
91%
is
91%
And
91%
is
91%
[Man 2]And
91%
and
91%
and
91%
is
91%
and
91%
say
90.5%
they're
90.5%
on
90.5%
they're
90.5%
on
90.5%
say
90.5%
not!
89.6%
Sung/Spoken by Lyrics % Correct
It's
89.6%
[Woman]It's
89.6%
not
89.6%
not
89.6%
[Townspeople]It's
89.6%
It's
89.6%
[Gleb]We
89.1%
we
89.1%
can
89.1%
but
89.1%
[Man]We
89.1%
rumour
89.1%
[Man]But
89.1%
rumour,
89.1%
rumour
89.1%
can
89.1%
our
88.6%
our
88.6%
our
88.6%
our
88.6%
new
88.2%
new
88.2%
of
88.2%
New
88.2%
new
88.2%
There's
88.2%
of
88.2%
That
87.7%
That
87.7%
heard?
87.7%
heard,
87.7%
who
87.2%
for
87.2%
for
87.2%
for
87.2%
do
87.2%
who
87.2%
all
86.7%
her
86.7%
What
86.3%
street?
85.8%
Princess
85.8%
Princess
85.8%
pay!
85.3%
pay
85.3%
saying
84.8%
may
84.8%
mystery.
84.8%
us
84.4%
us
84.4%
alive.
84.4%
legend,
84.4%
revolution
83.9%
revolution,
83.9%
daughter
83.9%
still
83.9%
empty
83.4%
empty
83.4%
empty
83.4%
One
83.4%
always
82.9%
Anastasia!
82.9%
soon
82.5%
call
82.5%
[Man]Although
82.5%
day
82%
day.
82%
survive,
82%
Neva
81.5%
flows,
81.5%
comrades!
81.5%
city
81.5%
comrades,
81.5%
royal
81.5%
royal
81.5%
are
81%
are
81%
did
81%
wind
80.6%
blows,
80.6%
name,
80.6%
Can't
80.6%
pot!
80.6%
grandmama
80.6%
same
80.1%
through
80.1%
please
80.1%
repeat!
80.1%
through
80.1%
cook
79.6%
history.
79.6%
Sung/Spoken by Lyrics % Correct
sum.
79.6%
bring
79.6%
spring.
79.1%
promise
79.1%
don't
79.1%
good
79.1%
red!
79.1%
better,
78.7%
Len!
78.7%
Czar
78.7%
Leningrad!
78.2%
Leningrad,
78.2%
[Woman 2]If
78.2%
Russia.
77.7%
rise.
77.7%
that's
77.7%
part
77.7%
back.
77.7%
hears
77.3%
now
77.3%
tell
77.3%
times
77.3%
favourite
77.3%
colour's
77.3%
[Dmitry]Now
77.3%
Or
76.8%
someone
76.8%
stomachs.
76.3%
[Dmitry & townspeople]Hail
76.3%
mind
75.8%
[Townspeople]We're
75.8%
people's
75.4%
at
75.4%
gossip.
75.4%
gossip
75.4%
dawning!
74.9%
Thank
74.9%
[Townspeople]Thank
74.9%
gets
74.9%
crack.
74.9%
loyal
74.4%
brighter
73.9%
argues
73.9%
disappears!
73.9%
goodness
73.9%
goodness
73.9%
whispered
73.9%
Well
73.5%
hand!'
73.5%
walls
73.5%
really
73.5%
price
73.5%
ears,
73%
brave
73%
spies!
73%
Together,
72%
almost
72%
stand
72%
stand
72%
bread.
71.6%
very
71.1%
line
71.1%
Something
71.1%
envy
70.6%
[Dmitry & ensemble]Two
70.6%
live
70.6%
two
70.6%
alleyway
70.6%
world!
70.1%
Hey!
70.1%
grey,
69.7%
here's
69.7%
friendly.
69.2%
everyone
68.7%
equal,
68.7%
small
68.7%
leaders.
68.2%
rooms.
68.2%
Professors
67.8%
dozen
67.3%
strangers
67.3%
behind
66.8%
forge
66.4%
skies
66.4%
hold
66.4%
push
65.9%
total
65.4%
brooms.
64.9%
Czar's
63.5%
booming,
63%

You're not logged in!

Compare scores with friends on all Sporcle quizzes.
Sign Up with Email
OR
Log In

You Might Also Like...

Show Comments

Extras

Top Quizzes Today


Score Distribution

Your Account Isn't Verified!

In order to create a playlist on Sporcle, you need to verify the email address you used during registration. Go to your Sporcle Settings to finish the process.

Report this User

Report this user for behavior that violates our Community Guidelines.

Details: